| 000 | 00369nam a2200133Ia 4500 | ||
|---|---|---|---|
| 008 | 130318s9999 xx 000 0 und d | ||
| 020 | _a262071436 | ||
| 082 | _a005.13 GUN/S | ||
| 100 | _aGunter, Carl A | ||
| 245 | _aSemantics of programming languages: Structure and techniques | ||
| 260 |
_bMIT Press _aCambridge _c1992 |
||
| 300 | _a419 | ||
| 650 | _aPROGRAMMING LANGUAGE | ||
| 999 |
_c1332 _d1332 |
||